Every Song by Big Brother and the Holding Company - Statistics

General Stats
  • This quiz has been taken 2 times
  • The average score is 6 of 56
Answer Stats
Album Song % Correct
Cheap Thrills(1968) I Need a Man to Love
100%
Be a Brother(1970) Be a Brother
50%
Big Brother & the Holding Company(1967) Call on Me
50%
Cheap Thrills(1968) Combination of the Two
50%
Live at Winterland '68(1998) Farewell Song
50%
Do What You Love(1999) Do What You Love
50%
How Hard It Is(1971) How Hard It Is
50%
Farewell Song(1982) Misery'N
50%
Cheap Thrills(1968) Turtle Blues
50%
Big Brother & the Holding Company(1967) Women Is Losers
50%
Do What You Love(1999) Back Door Jamb
0%
How Hard It Is(1971) Black Widow Spider
0%
Big Brother & the Holding Company(1967) Blindman
0%
Cheaper Thrills(1984) Blow My Mind
0%
Do What You Love(1999) Bo's Bio
0%
How Hard It Is(1971) Buried Alive in the Blues
0%
Cheap Thrills(Bonus)(1999) Catch Me Daddy
0%
Big Brother & the Holding Company(1967) Caterpillar
0%
Big Brother & the Holding Company(Bonus)(1970) Coo Coo
0%
Big Brother & the Holding Company(1967) Easy Rider
0%
Do What You Love(1999) Take Off
0%
Can't Go Home Again(1997) Three Times Last Week
0%
Can't Go Home Again(1997) Drivin' Stupid
0%
Cheap Thrills(Bonus)(1999) Flower in the Sun
0%
Do What You Love(1999) Freedom
0%
Be a Brother(1970) Funkie Jim
0%
Can't Go Home Again(1997) Ghost Riders in the Sky
0%
Can't Go Home Again(1997) Ghost Riders (Reprise)
0%
Cheaper Thrills(1984) Gutra's Garden
0%
Farewell Song(1982) Harry
0%
Can't Go Home Again(1997) Havana Ghila
0%
Be a Brother(1970) Heartache People
0%
Cheaper Thrills(1984) Hey Baby
0%
Be a Brother(1970) Home on the Strange
0%
How Hard It Is(1971) House on Fire
0%
Be a Brother(1970) I'll Change Your Flat Tire, Merle
0%
Big Brother & the Holding Company(1967) Intruder
0%
Be a Brother(1970) Joseph's Coat
0%
Be a Brother(1970) Keep On
0%
How Hard It Is(1971) Last Band on Side One
0%
Big Brother & the Holding Company(1967) Light Is Faster Than Sound
0%
Can't Go Home Again(1997) Machine Song
0%
How Hard It Is(1971) Maui
0%
Be a Brother(1970) Mr. Natural
0%
How Hard It Is(1971) Nu Boogaloo Jam
0%
Cheap Thrills(1968) Oh, Sweet Mary
0%
How Hard It Is(1971) Promise Her Anything But Give Her Arpeggio
0%
Cheap Thrills(Bonus)(1999) Roadblock
0%
Do What You Love(1999) Save Your Love
0%
How Hard It Is(1971) Shine On
0%
Be a Brother(1970) Someday
0%
Be a Brother(1970) Sunshine Baby
0%
Big Brother & the Holding Company(Bonus)(1970) The Last Time
0%
Do What You Love(1999) The OK Chorale
0%
Can't Go Home Again(1997) Try It
0%
Cheaper Thrills(1984) Whisperman
0%
No matching quizzes found
Score Distribution
Percent of People with Each Score
Percentile by Number Answered
Your Score History
You have not taken this quiz